Counselor orientation: relationship with responsibilities and performance /

Bibliographic Details
Main Author: Ayer, M. Jane
Other Authors: Wright, George Nelson, Butler, Alfred James, 1923-
Format: Book
Language:English
Published: [Madison] : [University of Wisconsin, Regional Rehabilitation Research Institute], [1968]
Series:Wisconsin studies in vocational rehabilitation ; ser. 1, v. 10.
Subjects:

MARC

Tag First Indicator Second Indicator Subfields
LEADER 00000cam a2200000 4500
001 in00000247021
005 20151009090521.0
008 720713s1968 wiu bs 00110 eng
010 |a  72186831  
035 |a (OCoLC)00370151 
035 |9 ABA3471AM 
040 |a DLC  |c DLC  |d TXA  |d UtOrBLW 
049 |a TXAM  |c [1016120] 
050 0 0 |a HD7256.U6  |b W56 ser. 1, vol. 10  |a HD7255.5 
082 0 |a 362.8/5 s  |a 361/.06 
090 |a HD7256.U6  |b W56 ser. 1, v. 2-10 
100 1 |a Ayer, M. Jane. 
245 1 0 |a Counselor orientation: relationship with responsibilities and performance /  |c [by] M. Jane Ayer, George N. Wright [ad] Alfred J. Butler. 
264 1 |a [Madison] :  |b [University of Wisconsin, Regional Rehabilitation Research Institute],  |c [1968] 
300 |a vii, 45, 19 pages ;  |c 24 cm. 
336 |a text  |b txt  |2 rdacontent 
337 |a unmediated  |b n  |2 rdamedia 
338 |a volume  |b nc  |2 rdacarrier 
490 1 |a Wisconsin studies in vocational rehabilitation,  |v monograph 10, ser. 1 
504 |a Bibliography: pages 33-34. 
650 0 |a Rehabilitation counselors. 
700 1 |a Wright, George Nelson. 
700 1 |a Butler, Alfred James,  |d 1923- 
830 0 |a Wisconsin studies in vocational rehabilitation ;  |v ser. 1, v. 10. 
999 |a MARS 
999 f f |s f475b7db-6c2f-3b07-b5d0-bd00e07e477d  |i 770eefc2-2902-30ea-856f-d0da4dcb0987  |t 0 
952 f f |p normal  |a Texas A&M University  |b College Station  |c Sterling C. Evans Library  |d Evans: Library Stacks  |t 0  |e HD7256.U6 W56 ser. 1, v. 2-10  |h Library of Congress classification  |i unmediated -- volume  |m A14802698165 
998 f f |a HD7256.U6 W56 ser. 1, v. 2-10  |t 0  |l Evans: Library Stacks